Loading...
Current Events | 2 | 20.00 | 100% | 50% | 50% |
Fine Arts - Classical Music | 11 | 10.91 | 100% | 0% | 18% |
Fine Arts - Other Fine Arts | 9 | 14.44 | 100% | 44% | 0% |
Fine Arts - Painting & Sculpture | 8 | 15.00 | 88% | 50% | 13% |
Geography | 2 | 20.00 | 100% | 100% | 0% |
History - American History | 7 | 15.71 | 100% | 43% | 14% |
History - European History | 4 | 17.50 | 100% | 50% | 25% |
History - Other History | 9 | 17.78 | 100% | 78% | 0% |
History - World History | 10 | 20.00 | 100% | 70% | 30% |
Literature - American Literature | 12 | 16.67 | 100% | 58% | 8% |
Literature - British Literature | 7 | 10.00 | 86% | 29% | 0% |
Literature - European Literature | 7 | 14.29 | 100% | 57% | 14% |
Literature - World Literature | 9 | 18.89 | 100% | 78% | 11% |
Mythology | 4 | 17.50 | 100% | 75% | 0% |
Other Academic | 4 | 10.00 | 100% | 0% | 0% |
Philosophy | 7 | 15.71 | 86% | 57% | 14% |
Religion | 10 | 11.00 | 90% | 20% | 0% |
Science - Biology | 7 | 11.43 | 71% | 43% | 0% |
Science - Chemistry | 8 | 11.25 | 88% | 25% | 0% |
Science - Other Science | 3 | 13.33 | 100% | 0% | 33% |
Science - Physics | 10 | 11.00 | 90% | 20% | 0% |
Social Science | 5 | 14.00 | 80% | 60% | 0% |